000 00432nam a2200145Ia 4500
008 231129s1986||||xx |||||||||||||| ||spa||
020 _a958-9090-01-X
040 _bspa
082 _a986.1329 V335s
100 _aVazquez Raigoza Jaime
245 0 _aSantuario Risaralda 1886-1986 : 100 anos de historia
260 _c1986
264 _aMedellí­n Colombia : Politecnico
942 _2ddc
_cBKS
999 _c24351
_d24351